书目信息 |
| 题名: |
建筑工程管理与材料应用
|
|
| 作者: | 张雷 , 金建平 , 解国梁 著 | |
| 分册: | ||
| 出版信息: | 长春 吉林科学技术出版社 2022.05 |
|
| 页数: | 113页 | |
| 开本: | 26cm | |
| 丛书名: | ||
| 单 册: | ||
| 中图分类: | TU71 , TU5 | |
| 科图分类: | ||
| 主题词: | 建筑工程--jian zhu gong cheng--工程管理 , 建筑材料--jian zhu cai liao | |
| 电子资源: | ||
| ISBN: | 978-7-5578-9325-5 | |
| 000 | 01131nam0 2200289 450 | |
| 001 | CAL 012022036516 | |
| 005 | 20230217093112.0 | |
| 010 | @a978-7-5578-9325-5@dCNY68.00 | |
| 100 | @a20221020d2022 em y0chiy0120 ea | |
| 101 | 0 | @achi |
| 102 | @aCN@b220000 | |
| 105 | @ay a 000yy | |
| 106 | @ar | |
| 200 | 1 | @a建筑工程管理与材料应用@Ajian zhu gong cheng guan li yu cai liao ying yong@f张雷, 金建平, 解国梁著 |
| 210 | @a长春@c吉林科学技术出版社@d2022.05 | |
| 215 | @a113页@d26cm | |
| 320 | @a有书目 (第111-113页) | |
| 330 | @a本书主要研究建筑工程项目的开发和建设时期的施工管理, 建筑材料的结构性能, 以及水工新材料的相关应用。本书内容主要包括建筑工程技术、建筑工程施工组织管理、建筑工程施工质量管理、建筑材料的基本性质、建筑工程结构设计与施工、建筑材料的力学性能、建筑水工新材料的制备与应用。 | |
| 606 | 0 | @a建筑工程@Ajian zhu gong cheng@x工程管理 |
| 606 | 0 | @a建筑材料@Ajian zhu cai liao |
| 690 | @aTU71@v5 | |
| 690 | @aTU5@v5 | |
| 701 | 0 | @a张雷@Azhang lei@4著 |
| 701 | 0 | @a金建平@Ajin jian ping@4著 |
| 701 | 0 | @a解国梁@Axie guo liang@4著 |
| 801 | 0 | @aCN@bBJXHZP@c20230228 |
| 905 | @b1386023-6@dTU71@e2137@f4 | |
| 建筑工程管理与材料应用/张雷, 金建平, 解国梁著.-长春:吉林科学技术出版社,2022.05 |
| 113页;26cm |
| ISBN 978-7-5578-9325-5:CNY68.00 |
| 本书主要研究建筑工程项目的开发和建设时期的施工管理, 建筑材料的结构性能, 以及水工新材料的相关应用。本书内容主要包括建筑工程技术、建筑工程施工组织管理、建筑工程施工质量管理、建筑材料的基本性质、建筑工程结构设计与施工、建筑材料的力学性能、建筑水工新材料的制备与应用。 |
| ● |
| 相关链接 |
|
|
|
|
正题名:建筑工程管理与材料应用
索取号:TU71/2137
 
预约/预借
| 序号 | 登录号 | 条形码 | 馆藏地/架位号 | 状态 | 备注 |
| 1 | 1386023 | 213860231 | 第二样本阅览室/ [索取号:TU71/2137] | 在馆 | |
| 2 | 1386024 | 213860240 | 第三借阅区/ [索取号:TU71/2137] | 在馆 | |
| 3 | 1386025 | 213860259 | 第三借阅区/ [索取号:TU71/2137] | 在馆 | |
| 4 | 1386026 | 213860268 | 第三借阅区/ [索取号:TU71/2137] | 在馆 |